000 00276nam a22001337a 4500
008 170313b xxu||||| |||| 00| 0 eng d
020 _a027011011412
041 _aeng
080 _a591
100 _a7
101 _aSHM
245 _aHEDGEHOGS
_cWRIENDS,M.M
942 _2udc
_cBK
999 _c7676
_d7676